| 000 | 00840nam a2200253Ia 4500 | ||
|---|---|---|---|
| 005 | 20220708142900.0 | ||
| 008 | 210716s2008 xx 000 0 und d | ||
| 020 | _a9788174466075 | ||
| 040 | _cAIMIT LIBRARY | ||
| 041 | _aeng | ||
| 082 |
_a338.04 _21 _bSAHA |
||
| 100 |
_aSahay, A; Sharma, V. _947760 |
||
| 245 |
_aEntrepreneurship and new venture creation / _cBy A Sahay and V Sharma |
||
| 250 | _a1st ed. | ||
| 260 |
_aNew Delhi : _bExcel Books , _c2008. |
||
| 300 |
_axvi, 472p. ; _bPB : _c24 cm. |
||
| 650 |
_aEntrepreneurship _947761 |
||
| 650 |
_aEntrepreneurial Environment and Characteristics _947762 |
||
| 650 |
_aIncubation and Innovation _947763 |
||
| 650 |
_aEmerging Business _947764 |
||
| 650 |
_aExternal Resource Generation _947765 |
||
| 650 |
_aBusiness Plan Evaluation _947766 |
||
| 942 |
_2ddc _cBK _e1st _k338.04 SAHA |
||
| 999 |
_c205428 _d205428 |
||